Cung ứng kỹ thuật thi công xây dựng

Trình bày các yêu cầu kỹ thuật về cấp điện, cấp nước, cấp hơi và cấp nhiệt cho từng hạng mục công trình. Tìm hiểu cấu tạo, nguyên lý làm việc, tính năng, cách chọn lựa, phạm vi áp dụng... của các máy móc thiết bị thi công các công trìn...

Szczegółowa specyfikacja

Zapisane w:
Opis bibliograficzny
1. autor: Phạm, Huy Chính
Format: Książka
Język:Undetermined
Wydane: Hà Nội Xây dựng 2005
Hasła przedmiotowe:
Etykiety: Dodaj etykietę
Nie ma etykietki, Dołącz pierwszą etykiete!
Thư viện lưu trữ: Trung tâm Học liệu Trường Đại học Cần Thơ
LEADER 01028nam a2200217Ia 4500
001 CTU_168788
008 210402s9999 xx 000 0 und d
020 |c 52000 
082 |a 624.0299 
082 |b Ch312 
100 |a Phạm, Huy Chính 
245 0 |a Cung ứng kỹ thuật thi công xây dựng 
245 0 |c Phạm Huy Chính 
260 |a Hà Nội 
260 |b Xây dựng 
260 |c 2005 
520 |a Trình bày các yêu cầu kỹ thuật về cấp điện, cấp nước, cấp hơi và cấp nhiệt cho từng hạng mục công trình. Tìm hiểu cấu tạo, nguyên lý làm việc, tính năng, cách chọn lựa, phạm vi áp dụng... của các máy móc thiết bị thi công các công trình xây dựng. 
650 |a Building,Xây dựng,Construction technique,Kỹ thuật xây dựng 
650 |x Estimates,Thi công 
904 |i Qhieu 
980 |a Trung tâm Học liệu Trường Đại học Cần Thơ